| 000 | 00468nam a2200157 4500 | ||
|---|---|---|---|
| 001 | 113155 | ||
| 003 | ES-MaACL | ||
| 005 | 20230906185758.0 | ||
| 007 | t| | ||
| 008 | 061121s1970 sp r ||||1| spa d | ||
| 110 | 2 |
_aMutualidad General Deportiva (Cáceres) _95953 |
|
| 245 | 1 | 0 | _aNormas de procedimiento en caso de accidentes deportivos. |
| 260 |
_a[Cáceres : _bs.n., _c1970 ( _fExtremadura]) |
||
| 300 |
_a7 p. ; _c17 cm. |
||
| 852 |
_aES-MaACL _j2073-F-14 _bR.75828 |
||
| 999 |
_c113155 _d113155 |
||